01323cam a2200289 a 450000100100000000500170001000800410002702000150006804000250008324501270010826000610023530000450029649000470034150000440038850001020043250000480053450400740058265000360065665000370069265000530072965100440078260000390082670000360086570000390090171000440094083000490098400000694520200929154028.0960301s1992 sp ab b 100 0 spa d a8478201319 aDO-SdBNPbspacBNPHU00aAragón, litoral mediterráneo :bintercambios culturales durante la prehistoria /ccoordinadora, Pilar Utrilla Miranda. aZaragoza :bInstitución Fernando el Católico,c1992. a660 p. :bil., maps. , gráf. ;c31 cm.1 aInstitución Fernando el Católicov1302 a"En homenaje a Juan Maluquer de Motes." aDocumentos presentados en un seminario patrocinado por la Institución "Fernando el Católico". aEn la cubierta: Ponencias y comunicaciones. aContiene referencias bibliográficas y notas al pie de las páginas 0aPrehistoriazEspañazAragón 0aAntiguedadeszEspañazAragón 0aExcavaciones (arqueología)zEspañazAragón 0aAragón (España{Rpara}xAntiguedades10aMaluquer de Motes y Nicolau, Juan.1 aUtrilla Miranda, Pilar,ecoord.1 aMaluquer de Motes y Nicolau, Juan.1 aInstitución "Fernando el Católico." 0aInstitución "Fernando el Católico"v1302